000
00345nam a2200133Ia 4500
008
151001s9999||||xx |||||||||||||| ||und||
100
_a
गुलजार
245
_a
गुड्डी
250
_a
1
260
_b
मयूर पब्लिकेशन उस्मनाबाद
260
_c
1972
300
_a
104
365
_b
18
999
_c
955578
_d
955575